| 000 | 00381nam a2200145Ia 4500 | ||
|---|---|---|---|
| 008 | 220216s9999 xx 000 0 und d | ||
| 100 | _aNambiar Jay | ||
| 245 | 0 | _aUse of rubber in road: The Malaysian experience | |
| 260 |
_bRubber Asia _c2003 |
||
| 300 | _a49-52,56 | ||
| 650 | _aRubberised road | ||
| 650 | _aRubberized asphalt | ||
| 700 | _aAb Malek Kamaruddin | ||
| 942 | _cJS | ||
| 999 |
_c71943 _d71943 |
||